Historia económica de España (Record no. 47467)

MARC details
000 -LEADER
campo de control de longitud fija 00893nam a2200265 i 4500
001 - NÚMERO DE CONTROL
campo de control 47467
003 - IDENTIFICADOR DE NÚMERO DE CONTROL
campo de control ES-MaACL
005 - FECHA Y HORA DE LA ÚLTIMA TRANSACCIÓN
campo de control 20230906161553.0
007 - CAMPO FIJO DE DESCRIPCIÓN FÍSICA--INFORMACIÓN GENERAL
campo de control de longitud fija t|
008 - DATOS DE LONGITUD FIJA--INFORMACIÓN GENERAL
campo de control de longitud fija 030428s2002 sp |||| | spa j
020 ## - NÚMERO INTERNACIONAL ESTÁNDAR DEL LIBRO
Número Internacional Estándar del Libro 84-8432-366-8
080 ## - NÚMERO DE LA CLASIFICACIÓN DECIMAL UNIVERSAL
Número de la Clasificación Decimal Universal 338.1(460)"09/19"
245 00 - MENCIÓN DEL TÍTULO
Título Historia económica de España
Resto del título : siglos X-XX /
Mención de responsabilidad, etc. Francisco Comín, Mauro Hernández y Enrique LLopis (eds.).
260 ## - PUBLICACIÓN, DISTRIBUCIÓN, ETC.
Lugar de publicación, distribución, etc. Barcelona :
Nombre del editor, distribuidor, etc. Crítica,
Fecha de publicación, distribución, etc. [2002]
300 ## - DESCRIPCIÓN FÍSICA
Extensión 509 p. :
Otras características físicas gráf. ;
Dimensiones 23 cm.
490 1# - MENCIÓN DE SERIE
Mención de serie Crítica/historia del mundo moderno
504 ## - NOTA DE BIBLIOGRAFÍA, ETC.
Nota de bibliografía, etc. Bibliografía.
651 #4 - PUNTO DE ACCESO ADICIONAL DE MATERIA--NOMBRE GEOGRÁFICO
Nombre geográfico España-
Subdivisión general Situación económica-
Subdivisión de forma Historia.
9 (RLIN) 156949
700 1# - ENTRADA AGREGADA--NOMBRE PERSONAL
Nombre de persona Comín, Francisco.
9 (RLIN) 40008
700 1# - ENTRADA AGREGADA--NOMBRE PERSONAL
Nombre de persona Hernández Benítez, Mauro.
9 (RLIN) 62889
700 1# - ENTRADA AGREGADA--NOMBRE PERSONAL
Nombre de persona Llopis Agelán, Enrique.
9 (RLIN) 72836
830 0# - PUNTO DE ACCESO ADICIONAL DE SERIE-TÍTULO UNIFORME
Título uniforme Crítica/historia del mundo moderno
9 (RLIN) 180564
852 ## - LOCALIZACIÓN
Ubicación ES-MaACL
Número de control de estantería L-26254
Holdings
Estatus retirado Estado de pérdida Estado de daño No para préstamo Biblioteca de origen Biblioteca actual Ubicación en estantería Fecha de adquisición Fuente de adquisición Total de préstamos Signatura topográfica completa Código de barras Visto por última vez Precio de reemplazo Tipo de ítem Koha
        Biblioteca del Ateneo de Madrid Biblioteca del Ateneo de Madrid Depósito 2 17/01/2008     L-26254 1049941 23/02/2023 23/02/2023 Libro impreso